Let uc C (Record no. 4959)

MARC details
000 -LEADER
fixed length control field 00502nam a2200169Ia 4500
003 - CONTROL NUMBER IDENTIFIER
control field SGT
020 ## - INTERNATIONAL STANDARD BOOK NUMBER
International Standard Book Number 9788183331630
082 ## - DEWEY DECIMAL CLASSIFICATION NUMBER
Classification number 5.133
Item number KAN
100 ## - MAIN ENTRY--PERSONAL NAME
Personal name Kanetkar,Yashavant
245 ## - TITLE STATEMENT
Title Let uc C
250 ## - EDITION STATEMENT
Edition statement 9th Ed.
260 ## - PUBLICATION, DISTRIBUTION, ETC. (IMPRINT)
Name of publisher, distributor, etc BPB Publications
Place of publication, distribution, etc New Delhi
Year of Publication 2010
300 ## - PAGE DESCRIPTION
No. of Pages 758p.
650 ## - SUBJECT ADDED ENTRY--TOPICAL TERM
Topical term or geographic name as entry element COMPUTER SCIENCE
653 ## - KEYWORDS--INDEX TERM
Keyword term GETTING STARTED, THE DECISION CONTROL STRUCTURE , THE LOOP CONTROL STRUCTURE, FUNCTIONS & POINTERS, DATA TYPES REVISITED , THE C PREPROCESSOR
942 ## - ADDED ENTRY ELEMENTS (KOHA)
Source of classification or shelving scheme Dewey Decimal Classification
Koha item type Books
942 ## - ADDED ENTRY ELEMENTS (KOHA)
-- 76
Holdings
Withdrawn status Lost status Source of classification or shelving scheme Damaged status Not for loan Home library Current library Date acquired SGTU Total Checkouts Total Renewals Full call number Accession No. (Barcode) Date last seen Date last borrowed Bill Date Koha item type Use restrictions Collection code Shelving location
    Dewey Decimal Classification     SGT Engineering Library SGT Engineering Library 28/04/2010 SGTU 48 11 5.133 KAN FE1963 16/12/2025 02/12/2025 09/02/2015 Books      
    Dewey Decimal Classification     SGT Engineering Library SGT Engineering Library 28/04/2010 SGTU 32 1 5.133 KAN FE1964 28/04/2025 28/04/2025 09/02/2015 Books      
    Dewey Decimal Classification   Not For Loan SGT Engineering Library SGT Engineering Library 28/04/2010 SGTU 3   5.133 KAN FE1965 11/02/2025 11/02/2025 09/02/2015 Books Restricted Access ENGINEERING Reference Book
Withdrawn   Dewey Decimal Classification     SGT Engineering Library SGT Engineering Library 28/04/2010 SGTU     5.133 KAN FE1966 09/02/2015   09/02/2015 Books      
    Dewey Decimal Classification     SGT Engineering Library SGT Engineering Library 28/04/2010 SGTU 37 3 5.133 KAN FE1967 24/03/2025 12/03/2025 09/02/2015 Books